| 000 | 01174nam a2200277 i 4500 | ||
|---|---|---|---|
| 003 | EG-ScBUE | ||
| 005 | 20231129125017.0 | ||
| 008 | 120418s1997 ly f b 00010 ara d | ||
| 017 | _a96 / 2305 | ||
| 040 |
_aEG-ScBUE _bara _erda _cEG-ScBUE _dEG-ScBUE |
||
| 043 | _aa------ | ||
| 082 | 0 | 5 |
_a950 _bم ق ر _222 |
| 100 | 1 |
_929653 _aمقريحي، ميلاد، _eمؤلف. |
|
| 245 | 1 | 0 |
_aتاريخ آسيا الحديث والمعاصر : _bشرق آسيا، الصين، اليابان، كوريا / _cدكتور ميلاد المقريحي، أستاذ التاريخ الحديث والمعاصر، جامعة قاريونس بنغازي. |
| 250 | _aالطبعة الأولى. | ||
| 264 | 1 |
_aبنغازي، ليبيا : _bمنشورات جامعة قاريونس، _c1997. |
|
| 300 |
_a341 صفحة ؛ _c22 سم |
||
| 336 |
_2rdacontent _aنص _btxt |
||
| 337 |
_aبدون وسيط _2rdamedia _bn |
||
| 338 |
_aمجلد _bnc _2rdacarrier |
||
| 504 | _aيشتمل على إرجاعات ببليوجرافية وكشاف. | ||
| 651 | 7 |
_929654 _aآسيا _xتاريخ _yالعصر الحديث. _2BUEsh |
|
| 653 | _cApril2012 | ||
| 655 | _vReading book | ||
| 942 |
_2ddc _cBB |
||
| 999 |
_c16658 _d16658 |
||